[*SIN TITULO*] (Record no. 12261)

MARC details
000 -LEADER
campo de control de longitud fija 00325nam a2200133Ia 4500
001 - NÚMERO DE CONTROL
campo de control 2516
008 - DATOS DE LONGITUD FIJA--INFORMACIÓN GENERAL
campo de control de longitud fija 241024s9999 xx 000 0 und d
082 ## - NÚMERO DE LA CLASIFICACIÓN DECIMAL DEWEY
Número de clasificación [*SIN CLASIFICACION*]
100 ## - ENTRADA PRINCIPAL--NOMBRE DE PERSONA
Nombre de persona [*SIN AUTOR*]
245 #0 - MENCIÓN DEL TÍTULO
Título [*SIN TITULO*]
260 ## - PUBLICACIÓN, DISTRIBUCIÓN, ETC.
Nombre del editor, distribuidor, etc. [*SIN EDITORIAL*]
Fecha de publicación, distribución, etc. 2008
901 ## - ELEMENTOS DE DATOS A LOCAL LDA (RLIN)
a 10/3/2014 10:54:51 a.m.

No items available.

© 2024. Todos los Derechos Reservados. Desarrollado por IDEICE